000 00320nam a22001217a 4500
020 _a9789351070412
082 _a664.028
_bARV/WA
100 _aArvanitoyannis,loannis S.
_9764
245 _aWaste Management for the Food Industries
260 _aNew Delhi
_bElsevier(Academic Press)
_c2013
300 _a1071
942 _cREF
999 _c14458
_d14458